000 00692nam a2200289Ia 4500
005 20260324111409.0
008 008 260324s9999 xx 000 0 eng d
020 _a9781003099956
037 _aEBOOK
040 _aCRL
040 _beng
040 _cCRL
041 _2eng
041 _aeng
084 _qCRL
100 _aGiorgio Biancorosso; Roberto Calabretto
_91138388
245 0 _aScoring Italian Cinema
245 0 _bPatterns of Collaboration
260 _bTaylor and Francis
260 _c2025
365 _a
365 _b230
856 _uhttp://www.taylorfrancis.com/books/9781003099956
942 _cEBOOK
999 _c1727195
_d1727195